Australian solar houses /

Bibliographic Details
Main Author: Parnell, Matthew
Other Authors: Cole, Gareth
Format: Book
Language:English
Published: Leura, NSW : Second Back Row Press/Solar Scope, 1983.
Subjects:

MARC

Tag First Indicator Second Indicator Subfields
LEADER 00000cam a2200000 a 4500
001 in00000018112
005 20151007053145.0
008 850114s1983 at ae 00010 eng
010 |a  85105935  
020 |a 0909325375 (pbk.) 
035 |a (OCoLC)10368291 
035 |9 AAB0596AM 
040 |a DLC  |c DLC  |d m/c  |d TXA  |d UtOrBLW 
043 |a u-at--- 
049 |a TXAM  |c [A08458369] 
050 0 0 |a TH7414  |b .P25 1983 
082 0 |a 690/.869/0994  |2 19 
100 1 |a Parnell, Matthew. 
245 1 0 |a Australian solar houses /  |c Matthew Parnell and Gareth Cole. 
264 1 |a Leura, NSW :  |b Second Back Row Press/Solar Scope,  |c 1983. 
300 |a iv, 235 pages :  |b illustrations, plans ;  |c 30 cm. 
336 |a text  |b txt  |2 rdacontent 
337 |a unmediated  |b n  |2 rdamedia 
338 |a volume  |b nc  |2 rdacarrier 
650 0 |a Solar houses  |z Australia. 
650 0 |a Solar heating  |z Australia. 
650 0 |a Solar air conditioning  |z Australia. 
700 1 |a Cole, Gareth. 
999 |a MARS 
999 f f |s bdd59bf6-d47c-37a7-aa32-6f71ac1321c8  |i b698e716-8508-3ab3-81ed-bdb7914fb718  |t 0 
952 f f |p ric  |a Texas A&M University  |b Rellis Campus  |c Joint Library Facility  |d Remote Storage  |t 0  |e TH7414 .P25 1983  |h Library of Congress classification  |i unmediated -- volume  |m A14808458369 
998 f f |a TH7414 .P25 1983  |t 0  |l Remote Storage